书目信息 |
| 题名: |
唐山商业大全
|
|
| 作者: | 刘建亚 , 金逸人 主编 | |
| 分册: | ||
| 出版信息: | 北京 中国人民大学出版社 1990 |
|
| 页数: | 143页 | |
| 开本: | 20cm | |
| 丛书名: | ||
| 单 册: | ||
| 中图分类: | F721 | |
| 科图分类: | ||
| 主题词: | 商业经济--中国 | |
| 电子资源: | ||
| ISBN: | 7-300-00724-4 | |
| 000 | 00606nam0 2200205 450 | |
| 001 | 0736882608 | |
| 005 | 20070922101712.78 | |
| 010 | @a7-300-00724-4@dCNY2.90 | |
| 100 | @a20070922d1990 km y0chiy0120 ea | |
| 101 | 0 | @achi |
| 102 | @aCN@b110000 | |
| 200 | 1 | @a唐山商业大全@Atang shan shang ye da quan@f刘建亚,金逸人主编@Fliu jian ya,jin yi ren zhu bian |
| 210 | @a北京@c中国人民大学出版社@d1990 | |
| 215 | @a143页@d20cm | |
| 606 | 0 | @a商业经济@x中国 |
| 690 | @aF721@v3 | |
| 701 | 0 | @a刘建亚@Aliu jian ya@4主编 |
| 701 | 0 | @a金逸人@Ajin yi ren@4主编 |
| 801 | 0 | @aCN@bPFT@c20070922 |
| 905 | @a10447@dF721@e52 | |
| 唐山商业大全/刘建亚,金逸人主编.-北京:中国人民大学出版社,1990 |
| 143页;20cm |
| ISBN 7-300-00724-4:CNY2.90 |
| ● |
| 相关链接 |
|
|
|
|
正题名:唐山商业大全
索取号:F721/52
 
预约/预借
| 序号 | 登录号 | 条形码 | 馆藏地/架位号 | 状态 | 备注 |
| 1 | 626016 | 206260160 | 第一样本阅览室/ [索取号:F721/52] | 在馆 |